Maintenance of building / (Record no. 131887)
[ view plain ]
| 000 -LEADER | |
|---|---|
| fixed length control field | 00666nam a22002177a 4500 |
| 005 - DATE AND TIME OF LATEST TRANSACTION | |
| control field | 20170124110144.0 |
| 010 ## - LIBRARY OF CONGRESS CONTROL NUMBER | |
| LC control number | A-937919 |
| 020 ## - INTERNATIONAL STANDARD BOOK NUMBER | |
| Terms of availability | 00.00 |
| International Standard Book Number | 812241012X |
| 035 ## - SYSTEM CONTROL NUMBER | |
| System control number | A-937919 |
| 037 ## - SOURCE OF ACQUISITION | |
| Source of stock number/acquisition | Cen Lib/Ret |
| 040 ## - CATALOGING SOURCE | |
| Original cataloging agency | DPL |
| Language of cataloging | EN |
| 082 ## - DEWEY DECIMAL CLASSIFICATION NUMBER | |
| Classification number | 690 |
| Item number | PAN |
| 100 ## - MAIN ENTRY--PERSONAL NAME | |
| Personal name | Panchdhari, A. C. |
| 9 (RLIN) | 113750 |
| 245 ## - TITLE STATEMENT | |
| Title | Maintenance of building / |
| Statement of responsibility, etc | by A. C. Panchdhari |
| 260 ## - PUBLICATION, DISTRIBUTION, ETC. (IMPRINT) | |
| Name of publisher, distributor, etc | New Age International |
| Place of publication, distribution, etc | New Delhi |
| Date of publication, distribution, etc | 1997 |
| 270 ## - ADDRESS | |
| City | New Delhi |
| Address | 4835/24, Ansari Road, Darya Ganj |
| Postal code | 110002 |
| 300 ## - PHYSICAL DESCRIPTION | |
| Extent | vii,224p. |
| Dimensions | 23cm(Hb) |
| 650 ## - SUBJECT ADDED ENTRY--TOPICAL TERM | |
| Topical term or geographic name as entry element | Civil engineering |
| 9 (RLIN) | 113751 |
| 650 ## - SUBJECT ADDED ENTRY--TOPICAL TERM | |
| Topical term or geographic name as entry element | Water supply and sanitary system |
| 9 (RLIN) | 113752 |
| 942 ## - ADDED ENTRY ELEMENTS (KOHA) | |
| Source of classification or shelving scheme | Dewey Decimal Classification |
| Koha item type | English Books |
| Classification part | 690 |
| Call number suffix | PAN |
| Withdrawn status | Lost status | Damaged status | Not for loan | Home library | Current library | Date acquired | Source of acquisition | Cost, normal purchase price | Total Checkouts | Full call number | Barcode | Date last seen | Date checked out | Copy number | Cost, replacement price | Price effective from | Koha item type |
|---|---|---|---|---|---|---|---|---|---|---|---|---|---|---|---|---|---|
| Central Library | Central Library | 16/07/2015 | Cen Lib/Ret | 0.00 | 2 | 690 PAN | A-937919 | 22/10/2019 | 27/08/2019 | 1 | 0.00 | 16/07/2015 | English Books |
